LDR 00701naa#a2200181#i#450# 001 EN\\bibl\126436 005 20260630013611.2 011 ## _a2223-9987 100 ## _a20260629b2026####ek#y0engy0150####ca 102 ## _aRU 200 1# _aThermal Insulation Materials in the Design of Isothermal Rolling Stock _eJournal article 210 1# _aSaint-Petersburg _cFSBEI HE "Emperor Alexander I St. Petersburg State Transport University" _d2026 215 ## _a9 с. 608 ## _aJournal article _2local 675 ## _aВагоны изотермические, с обогревом, рефрижераторы. 629.463.12 _z 700 #1 _aBurikov _gSergey Vital'evich 700 #1 _aCyganskaya _gLyudmila Valer'evna 856 4# _aatjournal.ru _u